000 01014nam a2200289 i 4500
001 180547
003 ES-MaACL
005 20251012212309.0
008 120612s1969 sp af |||| |bspa d
080 _a75Eyck, Jan van
080 _a75Eyck, Hubert van
100 1 _aEyck, Jan van,
_d1390-1440
_9150508
245 1 3 _aLa obra pictórica completa de los Van Eyck /
_cintroducción de Raffaello Brignetti ; biografía y estudios críticos de Giorgio T. Faggin.
246 3 8 _aVan Eyck
260 _aBarcelona :
_bNoguer,
_c[1969] (
_fRizzoli)
300 _a103 p. :
_bil. col. y n. ;
_c32 cm.
490 1 _aClásicos del arte ;
_v8
500 _aÍndices.
504 _aBibliografía: p. 82.
600 1 7 _aEyck, Jan van,
_d1390-1440
_2
_9150508
600 1 7 _aEyck, Hubert van,
_d1366-1426
_2
_9150509
700 1 _aBrignetti, Raffaello.
_931729
700 1 _aFaggin, Giorgio T.
_9150510
830 0 _aClásicos del arte ;
_v8
_9191252
852 _aES-MaACL
_jL-31043
999 _c180547
_d180547